Economic survey of Japan (1977-1978)

Na minha lista:
Detalhes bibliográficos
Formato: Livro
Idioma:Undetermined
Publicado em: Tokyo Economic Planning Agency. 1977
Tags: Adicionar Tag
Sem tags, seja o primeiro a adicionar uma tag!
Thư viện lưu trữ: Trung tâm Học liệu Trường Đại học Cần Thơ
LEADER 00389nam a2200145Ia 4500
001 CTU_105039
008 210402s9999 xx 000 0 und d
082 |a 330.952 
082 |b E17 
245 0 |a Economic survey of Japan (1977-1978) 
260 |a Tokyo 
260 |b Economic Planning Agency. 
260 |c 1977 
904 |i Năm 
980 |a Trung tâm Học liệu Trường Đại học Cần Thơ